Score 0/20 Timer 05:00
3 Plays Today
% Correct
Venice
90.9%
Beverly Hills
90.8%
Memphis
88.3%
London
85.3%
St. Petersburg
83.1%
Bellagio
81%
Waterloo
77%
Mecca
75.9%
New York
75.5%
Athens
72.8%
% Correct
Hagia Sophia
72.3%
Statue of Liberty
68.5%
Saint-Basile
67.4%
La Paz
67.2%
Paris
67.2%
San José
63.2%
Cologne
62.7%
Granada
62%
Aberdeen
61.2%
Lebanon
45.6%
Remove Ads.
Support Sporcle.
Get the best of Sporcle when you Go Orange. This ad-free experience offers more features, more stats, and more fun while also helping to support Sporcle. Thank you for becoming a member.

You're not logged in!

Compare scores with friends on all Sporcle quizzes.
OR
Log In

Show Comments

Extras

Top Quizzes Today


Score Distribution

Your Account Isn't Verified!

In order to create a playlist on Sporcle, you need to verify the email address you used during registration. Go to your Sporcle Settings to finish the process.

Report this User

Report this user for behavior that violates our Community Guidelines.

Details: